Music Quiz

Random Music or Bands Quiz

Which Boy Band Was He In? Quiz Stats

 Plays Quiz Updated Mar 15, 2018

Score 0/20 Timer 05:00
6 Plays Today
% Correct
D) Harry Styles of One Direction
97.3%
D) Zayn Malik of One Direction
90.5%
D) Louis Tomlinson of One Direction
88.5%
D) Niall Horan of One Direction
87.3%
B) Nick Carter of Backstreet Boys
83.5%
A) Donnie Wahlberg of New Kids on the Block
83.4%
C) Justin Timberlake of 'N Sync
82.9%
A) Jordan Knight of New Kids on the Block
81.5%
D) Liam Payne of One Direction
79.7%
C) Lance Bass of 'N Sync
78%
% Correct
A) Danny Wood of New Kids on the Block
76.6%
B) Howie Dorough of Backstreet Boys
72.9%
A) Jonathan Knight of New Kids on the Block
71.8%
B) Brian Littrell of Backstreet Boys
70.8%
C) Joey Fatone of 'N Sync
70.5%
C) Chris Kirkpatrick of 'N Sync
69.4%
B) Kevin Richardson of Backstreet Boys
65.1%
B) AJ McLean of Backstreet Boys
63.8%
A) Joey McIntyre of New Kids on the Block
62.1%
C) JC Chasez of 'N Sync
53.4%

You're not logged in!

Compare scores with friends on all Sporcle quizzes.
OR
Log In

Sporcle TV

Today on Sporcle TV


Watch our educational content, quiz creation guides, and fun videos on Sporcle TV.

Show Comments

Extras

Top Quizzes Today


Score Distribution

Your Account Isn't Verified!

In order to create a playlist on Sporcle, you need to verify the email address you used during registration. Go to your Sporcle Settings to finish the process.

Report this User

Report this user for behavior that violates our Community Guidelines.

Details: